| 000 | 00529nam a2200181 i 4500 | ||
|---|---|---|---|
| 001 | 89523 | ||
| 003 | ES-MaACL | ||
| 005 | 20240426100327.0 | ||
| 007 | t| | ||
| 008 | 050111s1927 cu ||||1| spa d | ||
| 100 | 1 |
_aLas Heras Hervás, Antonio. _970388 |
|
| 245 | 1 | 3 |
_aEl problema social de los ciegos hispano-americanos / _cAntonio Las Heras Hervás. |
| 260 |
_aLa Habana : _bEl Siglo XX, _c1927. |
||
| 300 |
_a72 p. ; _c19 cm. |
||
| 650 | 0 | 7 |
_aCiegos _2embne _9236074 |
| 852 |
_aES-MaACL _j1781-F-3 |
||
| 999 |
_c89523 _d89523 |
||